Manažerská ekonomika

Na minha lista:
Detalhes bibliográficos
Autor principal: Synek, Miloslav (Author)
Formato: Livro
Idioma:tcheco
Publicado em: Praha : Grada Publishing, 2000
Edição:2. prepr. a rozšír. vyd.
Assuntos:
Tags: Adicionar Tag
Sem tags, seja o primeiro a adicionar uma tag!

MARC

LEADER 00000nam a22000003a 4500
001 stu57789
005 20190206132328.2
008 010507s2000----xr------------------cze-d
020 |a 80-247-9069-6 
040 |a STU  |b slo 
041 0 |a cze 
044 |a xr 
080 |a 658.5 
080 |a 338.24 
100 1 |a Synek, Miloslav  |4 aut 
245 1 |a Manažerská ekonomika 
250 |a 2. prepr. a rozšír. vyd. 
260 |a Praha :  |b Grada Publishing,  |c 2000 
300 |a 475 s 
650 7 |a ekonomika manažérska  |2 stusub 
996 |b 284EK84302  |c E*84302  |l EELSDV  |s P  |a 0  |w stu57789_0001 
996 |b 284M024432  |c M*10682-3  |l MMKN  |s A  |a 24  |w stu57789_0002 
996 |b 284M024433  |c M*10682-4  |l MMKN  |s A  |a 24  |w stu57789_0003 
996 |b 284M024430  |c M*10682-1  |l MMKN  |s A  |a 24  |w stu57789_0004 
996 |b 284M024431  |c M*10682-2  |l MMKN  |s A  |a 24  |w stu57789_0005